Phạm Văn Đồng với những chặng đường lịch sử Đảng Cộng sản Việt Nam /

Bewaard in:
Bibliografische gegevens
Hoofdauteur: Nguyễn Trọng Phúc, PGS. TS.
Formaat: Artikel
Taal:Vietnamese
Onderwerpen:
Tags: Voeg label toe
Geen labels, Wees de eerste die dit record labelt!
Thư viện lưu trữ: Thư viện Trường Đại học Đà Lạt
LEADER 00840nam a2200265 4500
001 DLU090070862
005 ##20090520
040 # # |a DLU  |b vie 
041 # # |a vie 
044 # # |a vn 
100 # # |a Nguyễn Trọng Phúc,  |c PGS. TS. 
245 # # |a Phạm Văn Đồng với những chặng đường lịch sử Đảng Cộng sản Việt Nam /  |c Nguyễn Trọng Phúc. 
653 # # |a Hoạt động cách mạng 
653 # # |a Nhân vật lịch sử 
653 # # |a Phạm Văn Đồng, 1906-2000 
773 # # |t Lịch sử Đảng  |g Số 3(184), 2006, tr. 9-14 
920 # # |a Phòng Tạp chí -- Trung tâm Thông tin - Thư viện Trường Đại học Đà Lạt 
994 # # |a DLU 
900 # # |a True 
911 # # |a Trịnh Ngọc Pháp 
925 # # |a G 
926 # # |a A 
927 # # |a BB 
980 # # |a Thư viện Trường Đại học Đà Lạt